000 00743nam a22002417a 4500
001 BR8800676
003 BR-BrBNA
005 20230928092835.0
007 ta
008 230509b bl.||||| |||| 00| 0 por d
040 _aBR-BrBNA
_bpor
_cBiblioteca Nacional de Agricultura
041 _a(Por)
072 _aL01
090 _ L01 BR8800676
110 1 _aFaculdade de Medicina Veterinaria e Zootecnia, Pirassununga, SP (Brasil)
_94508
111 1 _a11. Semana de Zootecnia
_cPirassununga, SP (Brazil)
_d8-12 Dec 1986
245 1 _aTrabalhos apresentados na 11. Semana de Zootecnia
260 3 _aPirassununga, SP (Brasil):
_c1986.
300 _a107 p.
650 _aPRODUCAO ANIMAL
909 _a202309
_bLucia
_c55
_dLucia Elande
942 _cBK
999 _c41506
_d41506